Eastern Utah Libraries Catalog: Duchesne, Heber, Roosevelt, & Vernal

When Santa was a baby / (Record no. 323547)

MARC details
000 -LEADER
fixed length control field 01305nam a2200313 i 4500
001 - CONTROL NUMBER
control field BK0014342880
005 - DATE AND TIME OF LATEST TRANSACTION
control field 20201104171555.0
008 - FIXED-LENGTH DATA ELEMENTS--GENERAL INFORMATION
fixed length control field 151002s2015 onca j 000 1 eng d
010 ## - LIBRARY OF CONGRESS CONTROL NUMBER
LC control number bl2015039604
020 ## - INTERNATIONAL STANDARD BOOK NUMBER
International Standard Book Number 9781770495562 : HRD
Terms of availability 16.99
020 ## - INTERNATIONAL STANDARD BOOK NUMBER
International Standard Book Number 1770495568 : HRD
Terms of availability 16.99
037 ## - SOURCE OF ACQUISITION
Source of stock number/acquisition McClelland & Stewart Ltd, C/O Penguin Random House Order Dept 404 Hahn rd, Westminster, MD, USA, 21157
Note SAN 201-3975
040 ## - CATALOGING SOURCE
Original cataloging agency NjBwBT
Language of cataloging eng
Transcribing agency NjBwBT
Description conventions rda
050 14 - LIBRARY OF CONGRESS CALL NUMBER
Classification number PZ7.B1526
Item number Wgm 2015
082 04 - DEWEY DECIMAL CLASSIFICATION NUMBER
Classification number [E]
Edition number 23
092 ## - LOCALLY ASSIGNED DEWEY CALL NUMBER (OCLC)
Classification number E
100 1# - MAIN ENTRY--PERSONAL NAME
Personal name Bailey, Linda,
Dates associated with a name 1948-
Relator term author.
9 (RLIN) 43411
245 10 - TITLE STATEMENT
Title When Santa was a baby /
Statement of responsibility, etc written by Linda Bailey ; illustrated by Genevi�eve Godbout.
264 #1 - Production, Publication, Distribution, Manufacture, and Copyright Notice.
Place of production, publication, distribution, manufacture [Toronto, Ontario] :
Name of producer, publisher, distributor, manufacturer Tundra Books,
Date of production, publication, distribution, manufacture, or copyr [2015]
300 ## - PHYSICAL DESCRIPTION
Extent 1 volume (unpaged) :
Other physical details color illustrations ;
Dimensions 27 cm
336 ## - Content Type
Content type term text
336 ## - Content Type
Content type term still image
337 ## - Media type
Media type term unmediated
338 ## - Carrier type
Carrier type term volume
520 ## - SUMMARY, ETC.
Summary, etc Explores the childhood of Santa, including his love of standing in front of the refrigerator, giving away his birthday presents, and his adoring parents.
600 01 - SUBJECT ADDED ENTRY--PERSONAL NAME
Personal name Santa Claus
Form subdivision Fiction.
9 (RLIN) 5715698
600 01 - SUBJECT ADDED ENTRY--PERSONAL NAME
Personal name Santa Claus
General subdivision Childhood and youth
Form subdivision Fiction.
9 (RLIN) 6383559
700 1# - ADDED ENTRY--PERSONAL NAME
Personal name Godbout, Genevi�eve,
Relator term illustrator.
9 (RLIN) 6383560
Holdings
Withdrawn status Lost status Source of classification or shelving scheme Damaged status Not for loan Collection code Home library Current library Shelving location Date acquired Source of acquisition Cost, normal purchase price Total Checkouts Total Renewals Full call number Barcode Checked out Date last seen Date checked out Cost, replacement price Price effective from Koha item type
    Dewey Decimal Classification     Children Holiday Books Wasatch County Library Wasatch County Library Main Floor Childrens Area 01/23/2020   16.99 13 11 E Christmas Bailey 34301001653593 05/07/2026 03/11/2026 03/11/2026 16.99 03/20/2020 BOOK
    Dewey Decimal Classification     Children Holiday Books Wasatch County Library Wasatch County Library Main Floor Childrens Area 12/09/2022 Amazon   6 9 E Christmas Bailey 34301001851171   02/02/2026 11/10/2025 16.99 12/09/2022 BOOK
This project was made possible through a grant from the Institute of Museum and Library Service administered by the Utah State Library Division.

Wasatch County Library

  • 465 East 1200 South, Heber City, Utah 84032
  • Phone 435-654-1511 | Fax 435-654-6456

Hours

  • Monday - Friday 9:30 AM - 8:00 PM
  • Saturday 9:30 AM - 1:30 PM
  • Closed Sundays and Holidays